Vplyv vybraných faktorov na zisk životnej poisťovne pri doživotných dôchodkoch vyplácaných z úspor v II. dôchodkovom pilieri na Slovensku
Vybrané rizikové faktory, ktorým môžu čeliť životné poisťovne pri vyplácaní doživotných dôchodkov z II. dôchodkového piliera. Pri zostrojení investičnej stratégie sa používa tzv. metóda spárovania aktív a pasív životnej poisťovne. Analýza rizika dlhovekosti budúcich dôchodcov pri rôznych demografick...
Uložené v:
| Hlavný autor: | |
|---|---|
| Ďalší autori: | |
| Médium: | Kapitola |
| Jazyk: | Slovak |
| Predmet: | |
| Tagy: |
Žiadne tagy, Buďte prvý, kto otaguje tento záznam!
|
MARC
| LEADER | 00000naa a2200000 4500 | ||
|---|---|---|---|
| 001 | 0195262 | ||
| 005 | 20220420112208.4 | ||
| 041 | 0 | |a slo | |
| 044 | |a SK | ||
| 245 | 1 | 0 | |a Vplyv vybraných faktorov na zisk životnej poisťovne pri doživotných dôchodkoch vyplácaných z úspor v II. dôchodkovom pilieri na Slovensku |c Igor Melicherčík, Gábor Szücs |
| 520 | |a Vybrané rizikové faktory, ktorým môžu čeliť životné poisťovne pri vyplácaní doživotných dôchodkov z II. dôchodkového piliera. Pri zostrojení investičnej stratégie sa používa tzv. metóda spárovania aktív a pasív životnej poisťovne. Analýza rizika dlhovekosti budúcich dôchodcov pri rôznych demografických predpokladoch a analýza vplyvu premenlivých trhových výnosov na súčasnú hodnotu zisku poisťovne v prípade vyššie uvedeného doživotného dôchodku. | ||
| 610 | 2 | 0 | |a poistenie dôchodkové |
| 610 | 2 | 0 | |a dôchodky starobné |
| 610 | 2 | 0 | |a poistenie životné |
| 610 | 2 | 0 | |a Slovensko |
| 610 | 2 | 0 | |a riziko poistné |
| 610 | 2 | 0 | |a výnosy |
| 100 | 1 | |a Melicherčík, Igor | |
| 700 | 1 | |a Szücs, Gábor | |